BIBLIOTECA PODER JUDICIAL
Portal Judicial TDF

La omisión de la licitación pública, consecuencias jurídicas y análisis crítico de la doctrina jurisprudencial de la CS : (Registro nro. 6110)

000 -LEADER
fixed length control field 01578nabaa22002057a 4500
003 - CONTROL NUMBER IDENTIFIER
control field OSt
005 - DATE AND TIME OF LATEST TRANSACTION
control field 20260122094240.0
008 - FIXED-LENGTH DATA ELEMENTS--GENERAL INFORMATION
fixed length control field 190701b xxu||||| |||| 00| 0 spa d
040 ## - CATALOGING SOURCE
Transcribing agency PJ
100 ## - MAIN ENTRY--PERSONAL NAME
9 (RLIN) 6878
Personal name Garda, Juan B.
245 13 - TITLE STATEMENT
Title La omisión de la licitación pública, consecuencias jurídicas y análisis crítico de la doctrina jurisprudencial de la CS :
Remainder of title ¿es correcto decretar la “inexistencia” del contrato administrativo ante la omisión de la licitación pública exigida por la ley? /
Statement of responsibility, etc Juan B. Garda.
300 ## - PHYSICAL DESCRIPTION
Extent p. 3-22
505 ## - FORMATTED CONTENTS NOTE
Formatted contents note Sumario: I. Introducción.— II. La doctrina jurisprudencial de la CS: ante omisión de licitación pública deriva la inexistencia del contrato administrativo.— III. La licitación pública hace al “procedimiento” del contrato administrativo, no a su “forma”.— IV. Nulidad absoluta e inexistencia. Incongruencia de la doctrina jurisprudencial de la CS en materia de contratos administrativos a la luz de los principios del derecho público.— V. Las consecuencias muy distintas que producen la nulidad absoluta y la inexistencia de un contrato administrativo.— VI. Consideraciones finales. Mi respuesta al interrogante.
505 ## - FORMATTED CONTENTS NOTE
Title ¿Te interesa el texto completo? Comunicate al correo: koha@justierradelfuego.gov.ar<br/>
650 #0 - SUBJECT ADDED ENTRY--TOPICAL TERM
9 (RLIN) 211
Topical term or geographic name as entry element DERECHO ADMINISTRATIVO
650 #0 - SUBJECT ADDED ENTRY--TOPICAL TERM
9 (RLIN) 1170
Topical term or geographic name as entry element CONTRATOS ADMINISTRATIVOS
650 #0 - SUBJECT ADDED ENTRY--TOPICAL TERM
9 (RLIN) 2988
Topical term or geographic name as entry element LICITACION PÚBLICA
773 0# - HOST ITEM ENTRY
Host Biblionumber 2842
Host Itemnumber 3251
Place, publisher, and date of publication Buenos Aires : AbeledoPerrot, 2012-
Other item identifier DA121
Title Derecho administrativo. Nº 146 marzo/abril 2023
International Standard Book Number 18510590
942 ## - ADDED ENTRY ELEMENTS (KOHA)
Source of classification or shelving scheme
Koha item type Analítica Artículo de Revista

No hay ítems disponibles.

12 de Octubre 789 Ushuaia - Tel:  54(02901)441571
Horario de Atención: 8.00 a 17.00 hs. 
bibliotecaush@justierradelfuego.gov.ar
koha@justierradelfuego.gov.ar
Seguinos en nuestras redes @bibliojustdf 

Con tecnología Koha